| 000 | 00428nam a22001217a 4500 | ||
|---|---|---|---|
| 999 |
_c9367 _d9367 |
||
| 003 | OSt | ||
| 008 | 201203b ||||| |||| 00| 0 eng d | ||
| 245 | _aHighway Research Journal | ||
| 250 | _a2013(Jan-Jun Vol.6 No.1, Jul-Dec Vol.6 No.2 ) 2014( Jan-Jun Vol.7 No.1, Jul-Dec Vol.7 No.2) 2017(Jan-Jun Vol.8 No.1) 2018(Jan-Jun Vol.9 No.1) | ||
| 260 |
_aNew Delhi _bIndian Roads Congress |
||
| 650 | _aCivil Engineering | ||
| 942 |
_2ddc _cBV |
||